| 000 | 00457cam a2200145u 4500 | ||
|---|---|---|---|
| 082 |
_a968.048 _bSIM |
||
| 100 | 1 |
_aSimpson, James Stewart McConachie, _950154 |
|
| 245 | 1 | 0 | _aSouth Africa fights, |
| 260 |
_aLondon, _bHodder & Stoughton limited _c[1941] |
||
| 300 |
_axv, 256 p. _bfront., plates, ports. _c19 cm. |
||
| 526 |
_a0 _b0 _c0 _d968_048000000000000_SIM |
||
| 650 | 0 |
_aMCE _9379 |
|
| 650 | 0 |
_aWorld War, 1939-1945 _zSouth Africa. _950155 |
|
| 942 |
_2ddc _cBK |
||
| 999 |
_c552884 _d552884 |
||